Movies Quiz

Random Movies or Decade Quiz
Score 0/100 Timer 20:00
1 Play Today
% Correct
Batman
96%
Top Gun
95.1%
Rambo: First Blood Part II
93.7%
Dirty Dancing
93.6%
The Goonies
84.1%
Die Hard
77.6%
Big
77.5%
Airplane!
76.9%
The Karate Kid
75.9%
Flashdance
75.5%
The Shining
75.2%
Gremlins
74.9%
RoboCop
74.9%
The NeverEnding Story
73.1%
Coming to America
72.9%
Amadeus
72.2%
Platoon
71.1%
The Princess Bride
69.2%
Bill and Ted's Excellent Adventure
69%
The Elephant Man
68.2%
The Blue Lagoon
67.5%
Police Academy
66.6%
Vacation
66.4%
Little Shop of Horrors
66.2%
The Breakfast Club
65.7%
The Color Purple
65.4%
Splash
65.2%
Hairspray
64.5%
Scarface
63.9%
Dead Poets Society
63.6%
Pretty In Pink
62.9%
Ferris Bueller's Day Off
62.3%
Predator
62.3%
Ghostbusters
62.2%
% Correct
Raging Bull
61.3%
Footloose
61%
Aliens
60%
Tootsie
59.5%
Clue
59.5%
Stripes
59.1%
Grease 2
59%
Raising Arizona
58.7%
Stand by Me
58.5%
Born on the Fourth of July
57.9%
WarGames
56.6%
Full Metal Jacket
55.3%
Road House
55%
Beetlejuice
53.5%
An Officer and a Gentleman
53%
Trading Places
52.2%
Fatal Attraction
51%
Mask
50.9%
This is Spinal Tap
50.7%
Labyrinth
50.3%
Raiders of the Lost Ark
49.8%
Who Framed Roger Rabbit
49.4%
Honey, I Shrunk the Kids
49.1%
Poltergeist
49%
Risky Business
48.9%
Fame
48%
Porky's
48%
The Untouchables
47.8%
Clash of the Titans
47.5%
Revenge of the Nerds
46.6%
Mannequin
46.1%
Witness
46.1%
Indiana Jones and the Last Crusade
45.4%
Superman II
45.3%
% Correct
Short Circuit
44.5%
The Outsiders
43.9%
Steel Magnolias
43.6%
Urban Cowboy
43.1%
Ghostbusters II
41.9%
Heathers
40.5%
Beaches
39.2%
Coal Miner's Daughter
38.4%
Yentl
38.4%
The Muppets Take Manhattan
37.6%
The Abyss
35.6%
The Fly
35.6%
The Last Temptation of Christ
35.5%
Mommie Dearest
34.2%
The Dark Crystal
32.9%
Troop Beverly Hills
31.5%
Staying Alive
29.2%
Ordinary People
28.6%
Evil Dead II
26.4%
Broadcast News
25.1%
Friday the 13th
24.9%
Supergirl
24.7%
The Evil Dead
24.6%
Dangerous Liaisons
24.5%
Blue Velvet
22.2%
A Nightmare on Elm Street
20.2%
Scanners
19.3%
She-Devil
19.2%
Brazil
18.5%
Pee-wee's Big Adventure
17.5%
They Live
17.2%
Dead Calm
16.8%
Remove Ads.
Support Sporcle.
Get the best of Sporcle when you Go Orange. This ad-free experience offers more features, more stats, and more fun while also helping to support Sporcle. Thank you for becoming a member.

You're not logged in!

Compare scores with friends on all Sporcle quizzes.
OR
Log In

Show Comments

Extras

Top Quizzes Today


Score Distribution

Your Account Isn't Verified!

In order to create a playlist on Sporcle, you need to verify the email address you used during registration. Go to your Sporcle Settings to finish the process.

Report this User

Report this user for behavior that violates our Community Guidelines.

Details: